000 01075nac a22003377a 4500
001 BR0100910
003 BR-BrBNA
005 20240105122516.0
008 230509b bl.|||m| |||| 00| 0 por d
040 _aBR-BrBNA
_bpor
_cBiblioteca Nacional de Agricultura
072 _aH10; H20
090 _a1660 BR0100910
100 1 _aImenes, S. de L.
100 1 _aSinigaglia, C.
100 1 _aRodrigues Neto, J.
100 1 _aColariccio, A.
100 1 _aVicente, M.
110 1 _aCoordenadoria de Assistencia Tecnica Integral, Campinas, SP (Brasil)
245 1 _aManejo integrado de pragas e doencas da alface
260 3 _aCampinas, SP (Brasil):
_c2000.
300 _a51 p.
490 _aManual Tecnico. Serie Especial - Coordenadoria de Assistencia Tecnica Integral (Brazil)
_vv. 7
_x
500 _aSeveral bibliography; 33 illus.
650 _aAlface
650 _aPraga de Planta
650 _aDoenca de Planta
650 _aControle Integrado
650 _aControle Quimico
909 _a202312
_bLúcia Elande
_c55
_dLúcia Elande
942 _2AGRIS
_n0
_cMS
999 _c291402
_d291402